000 00659cam a2200229 4500
001 D15808
008 090401t1984 xxu||||| |||| 00| 0 eng d
035 _a(Sirsi) u25284
041 _aeng
050 _a333.33
090 _aRICS 1984/24
110 _aRoyal Institution of Chartered Surveyors
_94900
245 _aPractice notes for estate agents
250 _a2nd
260 _aLondon
_bSurveyors Publications
_c1984
300 _a133p. 21cm
350 _a0
520 _a1 looseleaf inserted on changes to advertising regulations; Filed in box RICS 1984/24 ABCD
710 _aGeneral Practice Division
_9752
942 _n0
948 _c04/03/1997
999 _c88709
_d88709